STEREOCHEMISTRY OF ORGANIC COMMUNICATION (Record no. 35978)
[ view plain ]
| 000 -LEADER | |
|---|---|
| fixed length control field | 00376nam a22001577a 4500 |
| 003 - CONTROL NUMBER IDENTIFIER | |
| control field | OSt |
| 005 - DATE AND TIME OF LATEST TRANSACTION | |
| control field | 20240111122213.0 |
| 008 - FIXED-LENGTH DATA ELEMENTS--GENERAL INFORMATION | |
| fixed length control field | 170729b xxu||||| |||| 00| 0 eng d |
| 020 ## - INTERNATIONAL STANDARD BOOK NUMBER | |
| International Standard Book Number | 8122405703 |
| 040 ## - CATALOGING SOURCE | |
| Transcribing agency | SEROSOFT |
| 100 ## - MAIN ENTRY--PERSONAL NAME | |
| Personal name | MANSI PURI,D. |
| 245 ## - TITLE STATEMENT | |
| Title | STEREOCHEMISTRY OF ORGANIC COMMUNICATION |
| 260 ## - PUBLICATION, DISTRIBUTION, ETC. | |
| Place of publication, distribution, etc. | DELHI |
| Name of publisher, distributor, etc. | JOHN WILLY |
| Date of publication, distribution, etc. | 2004 |
| 300 ## - PHYSICAL DESCRIPTION | |
| Extent | 562 |
| 942 ## - ADDED ENTRY ELEMENTS (KOHA) | |
| Source of classification or shelving scheme | |
| Koha item type | General Book |
| Withdrawn status | Lost status | Source of classification or shelving scheme | Damaged status | Not for loan | Home library | Current library | Date acquired | Source of acquisition | Coded location qualifier | Barcode | Date last seen | Price effective from | Koha item type | Public note | Total Checkouts |
|---|---|---|---|---|---|---|---|---|---|---|---|---|---|---|---|
| IIMT University Central Library Meerut | IIMT University Central Library Meerut | 07/29/2017 | 127 ENGG. COLLEGE | APPLIED SC | 01-B-121834 | 07/29/2017 | 07/29/2017 | Book Bank / Loan Books | Central Library to Departmental Basic Science Library | ||||||
| IIMT University Central Library Meerut | IIMT University Central Library Meerut | 07/29/2017 | 127 ENGG. COLLEGE | APPLIED SC | 01-B-121835 | 07/29/2017 | 07/29/2017 | Book Bank | |||||||
| IIMT University Central Library Meerut | IIMT University Central Library Meerut | 07/29/2017 | 127 ENGG. COLLEGE | APPLIED SC | 01-B-121836 | 07/29/2017 | 07/29/2017 | Book Bank | |||||||
| IIMT University Central Library Meerut | IIMT University Central Library Meerut | 07/29/2017 | 127 ENGG. COLLEGE | APPLIED SC | 01-B-121837 | 07/29/2017 | 07/29/2017 | Book Bank | |||||||
| IIMT University Central Library Meerut | IIMT University Central Library Meerut | 07/29/2017 | 127 ENGG. COLLEGE | APPLIED SC | 01-B-121838 | 07/29/2017 | 07/29/2017 | Book Bank |

